All Palindrome Numbers under 10,000 - Statistics

General Stats
  • This quiz has been taken 121 times
  • The average score is 147 of 198
Answer Stats
Palindrome % Correct
1
100%
2
100%
3
100%
4
100%
5
100%
7
100%
11
99%
22
99%
33
99%
44
99%
55
99%
6
99%
66
99%
77
99%
8
99%
88
99%
9
99%
99
99%
101
96%
111
94%
333
93%
444
93%
999
93%
121
91%
151
91%
171
91%
202
91%
222
91%
888
91%
1001
90%
131
90%
141
90%
161
90%
181
90%
191
90%
303
90%
555
90%
666
90%
313
89%
393
89%
212
87%
323
87%
343
87%
353
87%
363
87%
373
87%
404
87%
777
87%
232
86%
383
86%
252
84%
434
84%
909
84%
2002
83%
262
83%
272
83%
414
83%
454
83%
707
83%
242
81%
282
81%
292
81%
424
81%
505
81%
565
81%
606
81%
616
81%
676
81%
1111
80%
515
80%
545
80%
626
80%
656
80%
717
80%
757
80%
808
80%
838
80%
919
80%
3003
79%
464
79%
474
79%
484
79%
525
79%
575
79%
585
79%
636
79%
646
79%
737
79%
787
79%
828
79%
848
79%
949
79%
979
79%
3333
77%
535
77%
595
77%
686
77%
696
77%
727
77%
747
77%
818
77%
878
77%
929
77%
939
77%
959
77%
4444
76%
494
76%
767
76%
797
76%
868
76%
2222
74%
4004
74%
5555
74%
858
74%
969
74%
989
74%
898
73%
2112
71%
5005
71%
1221
70%
1331
70%
1441
70%
6666
70%
1551
69%
1661
69%
1771
69%
1881
69%
1991
69%
2332
69%
2442
69%
2552
69%
2662
69%
2772
69%
2882
69%
2992
69%
8888
69%
3113
67%
3443
67%
3773
67%
6006
67%
7777
67%
3223
66%
3553
66%
3663
66%
9999
66%
3883
64%
3993
64%
4114
61%
4224
61%
4334
61%
4554
61%
4664
61%
5115
61%
5225
61%
7007
61%
4774
60%
4884
60%
4994
60%
6776
60%
5335
59%
6116
59%
6226
59%
5445
57%
5885
57%
5995
57%
6336
57%
6556
57%
5665
56%
5775
56%
6446
56%
6886
54%
6996
54%
8008
54%
9009
54%
7117
53%
7227
53%
7337
53%
7447
53%
9229
53%
7887
51%
7997
51%
9119
51%
7557
50%
7667
50%
8118
50%
8228
49%
8998
49%
8338
47%
8448
47%
8558
47%
8778
47%
9889
47%
8668
46%
9559
46%
9779
46%
9339
44%
9449
44%
9669
44%
No matching quizzes found
Score Distribution
Percent of People with Each Score
Percentile by Number Answered
Your Score History
You have not taken this quiz